Pilka Nozna - Kluby TOP5 Lig - Statystyki

Ogólne statystyki
  • Ten quiz został rozwiązany 4 890 razy
  • Średni wynik to 31 z 97
Statystyki odpowiedzi
Hint Odpowiedź % Poprawnych
Serie A Juventus
93%
Serie A Inter
87%
Serie A Milan
87%
Serie A Napoli
80%
LaLiga Real Madryt
79%
LaLiga FC Barcelona
77%
PL Manchester City
71%
PL Manchester United
71%
Ligue 1 PSG
69%
Serie A Roma
69%
PL Liverpool
67%
LaLiga Atletico Madryt
66%
PL Arsenal
64%
PL Chelsea
64%
Bundesliga Bayern Monachium
58%
PL Tottenham
57%
Bundesliga Borussia Dortmund
55%
Serie A Lazio
55%
LaLiga Sevilla
51%
Serie A Fiorentina
47%
LaLiga Valencia
46%
PL West Ham
45%
LaLiga Real Sociedad
43%
LaLiga Real Betis
42%
PL Everton
40%
PL Aston Villa
39%
Serie A Torino
39%
LaLiga Villareal
39%
Ligue 1 AS Monaco
38%
LaLiga Athletic Bilbao
36%
Bundesliga Bayer Leverkusen
36%
Serie A Genoa
36%
Serie A Sampdoria
36%
PL Leicester City
35%
PL Southampton
35%
PL Brighton
34%
Bundesliga RB Lipsk
33%
Serie A Sassuolo
33%
Serie A Bologna
31%
Bundesliga Schalke
31%
Serie A Udinese
31%
Serie A Atalanta Bergamo
30%
PL Crystal Palace
30%
PL Wolverhampton
30%
Ligue 1 Lille
29%
PL Newcastle United
29%
Bundesliga Wolfsburg
28%
LaLiga Getafe
27%
Serie A Parma
27%
LaLiga Espanyol
26%
Bundesliga Union Berlin
26%
PL Burnley
25%
Ligue 1 Olympique Lyon
24%
Bundesliga Hertha Berlin
23%
LaLiga Mallorca
22%
Bundesliga Borussia Monchengladbach
21%
Bundesliga Eintracht Frankfurt
21%
Ligue 1 Nice
20%
PL Norwich City
20%
LaLiga Osasuna
20%
PL Watford
20%
PL Bournemouth
19%
Serie A Cagliari
19%
LaLiga Levante
19%
Ligue 1 OM
19%
Bundesliga Werder Brema
19%
Bundesliga Koln
18%
Ligue 1 Nantes
18%
Bundesliga Augsburg
17%
Bundesliga Freiburg
17%
LaLiga Granada
17%
Bundesliga Hoffenheim
17%
Serie A Lecce
17%
Bundesliga Mainz
17%
PL Sheffield United
16%
LaLiga Deportivo Alaves
15%
Ligue 1 Rennes
15%
LaLiga Eibar
14%
LaLiga Real Valladolid
14%
Serie A SPAL
13%
Serie A Brescia
12%
Ligue 1 Montpellier
12%
Ligue 1 Strasbourg
12%
Ligue 1 Saint-Etienne
11%
Ligue 1 Angers
10%
Ligue 1 Brest
10%
Serie A Hellas Werona
10%
LaLiga Leganes
10%
Bundesliga Fortuna Dusseldorf
9%
Ligue 1 Metz
9%
Ligue 1 Toulouse
8%
Ligue 1 Dijon
7%
Ligue 1 Amiens
5%
Ligue 1 Nimes
5%
Bundesliga Paderborn
5%
Ligue 1 Girondins
4%
Ligue 1 Stade de Reims
4%
Nie znaleziono quizów pasujących do podanych kryteriów
Rozkład punktacji
Procent ludzi z każdym wynikiem
Percentyl według liczby udzielonych odpowiedzi
Twoja historia wyników
Nie rozwiązałeś tego quizu